| 000 | 00502nam a2200157 i 4500 | ||
|---|---|---|---|
| 001 | 25471 | ||
| 003 | ES-MaACL | ||
| 005 | 20230906153256.0 | ||
| 007 | t| | ||
| 008 | 021226s1912 sp ||||1| spa d | ||
| 100 | 1 |
_aArias Encobet, José. _922780 |
|
| 245 | 1 | 0 |
_aDatos para el conocimiento de la distribución geográfica de los dípteros de España / _cJosé Arias Encobet. |
| 260 |
_aMadrid : _b[s.n., _c1912] ( _fEst. Tip. de Fortanet) |
||
| 502 | _aTesis doctoral. | ||
| 852 |
_aES-MaACL _jT-1312-F-11 |
||
| 999 |
_c25471 _d25471 |
||